| 000 | 00722nam a22002055i 4500 | ||
|---|---|---|---|
| 001 | 178210 | ||
| 003 | ES-MaACL | ||
| 005 | 20250827100727.0 | ||
| 008 | 110523s1968 sp |||| | spa d | ||
| 080 | _a551.12 | ||
| 245 | 0 | 3 | _aEl nacimiento de la tierra. |
| 260 |
_aMadrid : _bDelblan, _cD. L. 1968. |
||
| 300 |
_a16 p. ; _c16 cm. |
||
| 490 | 1 |
_aMosaico cultural : colección de temas instructivos. 1. Maravillas del universo ; _v1 |
|
| 500 | _aEncuadernado con otros títulos. | ||
| 650 |
_aTierra (Planeta)- _xOrigen. _9178537 |
||
| 830 | 0 | 0 |
_aMosaico cultural: colección de temas instructivos. _pMaravillas del universo _v1 _9190804 |
| 852 |
_aES-MaACL _jE-15188 (1) _xOlim P-1923 |
||
| 999 |
_c178210 _d178210 |
||